000
00315nam a22001337a 4500
008
170925b xxu||||| |||| 00| 0 eng d
020
_a
9780312589974
041
_a
eng
080
_2
5 ED
_a
37
100
_a
46
101
_a
EDU
245
_a
THE INVESTIGATIVE REPORTERS HANDBOOK
_c
BRANT.H
942
_2
udc
_c
BK
999
_c
29575
_d
29575